[Event "Titled Tuesday intern op 28th Mar Late"]
[Site "Chess.com INT"]
[Date "2023.03.28"]
[Round "5"]
[White "Kazmaier, Daniel"]
[Black "Romanchuk, Viktor"]
[Result "0-1"]
[WhiteElo "2171"]
[BlackElo "2266"]
[PlyCount "110"]
[EventDate "2023.03.28"]
[EventType "swiss (blitz)"]
[EventRounds "11"]
[EventCountry "USA"]
[SourceTitle "EXT 2024"]
[Source "ChessBase"]
[SourceDate "2023.10.10"]
[SourceVersion "1"]
[SourceVersionDate "2023.10.10"]
[SourceQuality "1"]

1. e4 c6 2. d4 d5 3. Nc3 dxe4 4. Nxe4 Nd7 5. Qe2 Ndf6 6. Nf3 Nxe4 7. Qxe4 Nf6 8. Qh4 Bf5 9. c3 e6 10. Bc4 Be7 11. 0-0 0-0 12. Re1 c5 13. dxc5 Bxc5 14. Bg5 Be7 15. Rad1 Qb6 16. Bb3 Rad8 17. Nd4 Bg6 18. Qg3 Ne4 19. Rxe4 Bxg5 20. Re2 Bf6 21. Red2 Bh5 22. Nf3 Rxd2 23. Rxd2 Rd8 24. h3 h6 25. Qf4 Rxd2 26. Nxd2 Bg5 27. Qb8+ Qd8 28. Qxd8+ Bxd8 29. Ne4 Be7 30. g4 Bg6 31. f3 Kf8 32. Kf2 Ke8 33. Ke3 Kd7 34. Kd4 Kc6 35. Bc4 f5 36. Bxe6 fxe4 37. fxe4 Kd6 38. Bd5 Bf6+ 39. Ke3 b6 40. a4 Ke5 41. b4 Be8 42. a5 bxa5 43. bxa5 Bd8 44. a6 Bb6+ 45. Kf3 Bb5 46. Bb7 Bd3 47. h4 g5 48. hxg5 hxg5 49. Bc8 Bxe4+ 50. Kg3 Ba5 51. c4 Bb6 52. Bd7 Bd3 53. Bb5 Bc5 54. Kf3 Kd4 55. Bc6 Bxc4 0-1

[Event "Titled Tuesday intern op 28th Mar Late"]
[Site "Chess.com INT"]
[Date "2023.03.28"]
[Round "4"]
[White "Kazmaier, Daniel"]
[Black "Vlassov, Nikolai"]
[Result "0-1"]
[WhiteElo "2171"]
[BlackElo "2283"]
[PlyCount "108"]
[EventDate "2023.03.28"]
[EventType "swiss (blitz)"]
[EventRounds "11"]
[EventCountry "USA"]
[SourceTitle "EXT 2024"]
[Source "ChessBase"]
[SourceDate "2023.10.10"]
[SourceVersion "1"]
[SourceVersionDate "2023.10.10"]
[SourceQuality "1"]

1. d4 Nf6 2. Bg5 e6 3. Bxf6 Qxf6 4. c4 c5 5. Nf3 cxd4 6. Qxd4 Bb4+ 7. Nbd2 b6 8. Qxf6 gxf6 9. a3 Be7 10. g3 Bb7 11. Bg2 0-0 12. 0-0 Rc8 13. Rfd1 Kf8 14. Rac1 Ke8 15. Nb3 f5 16. Ne5 Bxg2 17. Kxg2 Bf6 18. f4 Bxe5 19. fxe5 Nc6 20. c5 Nxe5 21. cxb6 axb6 22. Nd4 Ke7 23. Rxc8 Rxc8 24. b4 Rc3 25. Ra1 Nc4 26. Nb5 Rc2 27. Kf2 Rb2 28. Rc1 d5 29. Rc3 Ra2 30. h3 h5 31. Rd3 Kf6 32. h4 Ke5 33. Rf3 Nd2 34. Rd3 Ne4+ 35. Kf3 Ra1 36. Kg2 Re1 37. e3 Re2+ 38. Kg1 Nxg3 39. a4 Rb2 40. Rd4 Ne2+ 41. Kf1 Nxd4 42. exd4+ Kf4 43. Nd6 Rxb4 44. Nxf7 Rxd4 45. Nd8 Rxa4 46. Nxe6+ Kg3 47. Ng7 Kxh4 48. Nxf5+ Kg5 49. Ne7 d4 50. Nc6 d3 51. Kf2 Ra2+ 52. Ke3 d2 53. Nb4 d1Q 54. Nxa2 Qb3+ 0-1

[Event "Titled Tuesday intern op 07th Feb Late"]
[Site "Chess.com INT"]
[Date "2023.02.07"]
[Round "4"]
[White "Kazmaier, Daniel"]
[Black "Tinmaz, Kerem"]
[Result "1-0"]
[WhiteElo "2171"]
[BlackElo "2177"]
[PlyCount "55"]
[EventDate "2023.02.07"]
[EventType "swiss (blitz)"]
[EventRounds "11"]
[EventCountry "USA"]
[SourceTitle "EXT 2024"]
[Source "ChessBase"]
[SourceDate "2023.10.10"]
[SourceVersion "1"]
[SourceVersionDate "2023.10.10"]
[SourceQuality "1"]

1. d4 d5 2. Bg5 h6 3. Bh4 c5 4. Nf3 Qb6 5. Nbd2 cxd4 6. Nb3 g5 7. Bg3 Bg7 8. Nfxd4 Nc6 9. c3 Nf6 10. Nxc6 bxc6 11. Be5 0-0 12. e3 Bf5 13. h4 g4 14. Bd3 Bxd3 15. Qxd3 h5 16. Bxf6 Bxf6 17. Qf5 g3 18. Qxh5 gxf2+ 19. Kxf2 Kg7 20. Rh3 Rh8 21. Qf5 Rag8 22. h5 a5 23. h6+ Rxh6 24. Rxh6 Kxh6 25. Rh1+ Kg7 26. Rh7+ Kf8 27. Qc8+ Qd8 28. Qxd8# 1-0

[Event "Titled Tuesday intern op 07th Feb Late"]
[Site "Chess.com INT"]
[Date "2023.02.07"]
[Round "3"]
[White "Ward, Ieuan C"]
[Black "Kazmaier, Daniel"]
[Result "0-1"]
[WhiteElo "2028"]
[BlackElo "2171"]
[PlyCount "80"]
[EventDate "2023.02.07"]
[EventType "swiss (blitz)"]
[EventRounds "11"]
[EventCountry "USA"]
[SourceTitle "EXT 2024"]
[Source "ChessBase"]
[SourceDate "2023.10.10"]
[SourceVersion "1"]
[SourceVersionDate "2023.10.10"]
[SourceQuality "1"]

1. d4 f5 2. c4 Nf6 3. Nc3 e6 4. Nf3 Be7 5. g3 0-0 6. Bg2 d6 7. 0-0 Qe8 8. b3 Qh5 9. Bb2 Nc6 10. e3 e5 11. dxe5 dxe5 12. Nd5 e4 13. Nxe7+ Nxe7 14. Nd4 Qh6 15. Nb5 c5 16. Qd6 Ng4 17. Qxh6 Nxh6 18. Ba3 b6 19. b4 cxb4 20. Bxb4 Rf7 21. f3 Nc6 22. Bd6 exf3 23. Bxf3 Bb7 24. Bd5 Rd8 25. Rad1 a6 26. Nc7 Rxd6 27. Bxf7+ Nxf7 28. Nd5 g6 29. Nxb6 Re6 30. Rf2 Nce5 31. Nd5 Nxc4 32. Rc2 Bxd5 33. Rxd5 Nxe3 34. Rc8+ Kg7 35. Rd7 Ng4 36. Rcc7 Re1+ 37. Kg2 Nge5 38. Re7 Re2+ 39. Kh3 Kf6 40. Re8 g5 0-1

[Event "Titled Tuesday intern op 20th Sep Late"]
[Site "Chess.com INT"]
[Date "2022.09.20"]
[Round "4"]
[White "Coelho, Ramyres Santana"]
[Black "Kazmaier, Daniel"]
[Result "1-0"]
[WhiteElo "1981"]
[BlackElo "2171"]
[PlyCount "53"]
[EventDate "2022.09.20"]
[EventType "swiss (blitz)"]
[EventRounds "11"]
[EventCountry "USA"]
[SourceTitle "EXT 2023"]
[Source "ChessBase"]
[SourceDate "2022.10.05"]
[SourceVersion "1"]
[SourceVersionDate "2022.10.05"]
[SourceQuality "1"]

1. e4 e6 2. d4 d5 3. Nc3 Nf6 4. e5 Nfd7 5. f4 c5 6. Nf3 Nc6 7. Be3 a6 8. a4 Qb6 9. dxc5 Bxc5 10. Bxc5 Nxc5 11. Nd4 Qxb2 12. Nde2 Qb4 13. Rb1 Qa5 14. Qd2 0-0 15. g3 d4 16. Nd1 Qxa4 17. Bg2 Rd8 18. 0-0 d3 19. c3 dxe2 20. Qxe2 Bd7 21. Rxb7 Nxb7 22. Ne3 Nc5 23. Qh5 g6 24. Qh6 Be8 25. Ng4 Nd7 26. Nf6+ Nxf6 27. exf6 1-0

[Event "Titled Tuesday intern op 29th Mar Late"]
[Site "Chess.com INT"]
[Date "2022.03.29"]
[Round "3"]
[White "Kazmaier, Daniel"]
[Black "Szente Varga, Fruzsina"]
[Result "0-1"]
[WhiteElo "2171"]
[BlackElo "2088"]
[PlyCount "56"]
[EventDate "2022.03.29"]
[EventType "swiss (blitz)"]
[EventRounds "11"]
[EventCountry "USA"]
[SourceTitle "CBM 207 Extra"]
[Source "ChessBase"]
[SourceDate "2022.05.31"]
[SourceVersion "1"]
[SourceVersionDate "2022.05.31"]
[SourceQuality "1"]

1. d4 Nf6 2. Bg5 d5 3. Nd2 g6 4. Bxf6 exf6 5. g3 Bg7 6. Bg2 f5 7. e3 c6 8. Ne2 0-0 9. h4 h5 10. Nf4 Be6 11. Nf3 Na6 12. Ng5 Bd7 13. Nxh5 Bh6 14. Nh3 gxh5 15. Qxh5 Qf6 16. 0-0-0 Rac8 17. Nf4 Be6 18. Bf3 c5 19. Nxd5 Bxd5 20. Bxd5 cxd4 21. Rxd4 Qxd4 22. Qxh6 Rxc2+ 23. Kxc2 Rc8+ 24. Kb1 Qxd5 25. Qg5+ Kf8 26. Qh6+ Ke7 27. Qg5+ Ke8 28. Qg8+ Kd7 0-1

[Event "Titled Tuesday intern op 29th Mar Late"]
[Site "Chess.com INT"]
[Date "2022.03.29"]
[Round "4"]
[White "Van den Dikkenberg, Erik"]
[Black "Kazmaier, Daniel"]
[Result "0-1"]
[WhiteElo "2160"]
[BlackElo "2171"]
[PlyCount "48"]
[EventDate "2022.03.29"]
[EventType "swiss (blitz)"]
[EventRounds "11"]
[EventCountry "USA"]
[SourceTitle "CBM 207 Extra"]
[Source "ChessBase"]
[SourceDate "2022.05.31"]
[SourceVersion "1"]
[SourceVersionDate "2022.05.31"]
[SourceQuality "1"]

1. e4 e6 2. d4 d5 3. e5 c5 4. c3 Qb6 5. Nf3 Bd7 6. Bd3 Bb5 7. 0-0 Bxd3 8. Qxd3 c4 9. Qe3 Nc6 10. a4 Nge7 11. Qg5 h6 12. Qf4 Na5 13. Na3 a6 14. Qg3 Nf5 15. Qh3 Nb3 16. Rb1 Bxa3 17. bxa3 Qa5 18. g4 Ne7 19. Bg5 Ng6 20. Qh5 hxg5 21. Qxg5 Qxc3 22. Kg2 Nxd4 23. Nxd4 Qh3+ 24. Kg1 Qxh2# 0-1

[Event "Chess.com Bullet op2"]
[Site "Chess.com INT"]
[Date "2020.12.19"]
[Round "17"]
[White "Fiorito, Fabian"]
[Black "Kazmaier, Daniel"]
[Result "1-0"]
[WhiteElo "2380"]
[BlackElo "2171"]
[PlyCount "143"]
[EventDate "2020.12.19"]
[EventType "swiss (blitz)"]
[EventRounds "21"]
[EventCountry "USA"]
[SourceTitle "EXT 2022"]
[Source "ChessBase"]
[SourceDate "2021.10.06"]
[SourceVersion "1"]
[SourceVersionDate "2021.10.06"]
[SourceQuality "1"]

1. Nf3 d6 2. g3 f5 3. Bg2 Nf6 4. 0-0 e5 5. d3 Be7 6. Nbd2 0-0 7. c4 Nc6 8. a3 Qe8 9. b4 Qh5 10. b5 Nd8 11. a4 a6 12. a5 axb5 13. cxb5 Ng4 14. h3 Nh6 15. a6 f4 16. g4 Nxg4 17. hxg4 Bxg4 18. Ne4 bxa6 19. bxa6 Ne6 20. Qb3 Kh8 21. Nh2 Bxe2 22. Qxe6 Bxf1 23. Bxf1 Rae8 24. Qh3 Qg6+ 25. Qg4 Qh6 26. f3 Bh4 27. Qh3 Re6 28. Ng4 Rg6 29. a7 Ra8 30. Bd2 Qh5 31. Bg2 h6 32. Kf1 Kh7 33. Ke2 Qf5 34. Qxh4 Qf7 35. Bh3 c5 36. Nxd6 Rxd6 37. Nxe5 Qe8 38. Bxf4 Re6 39. Bf5+ Kg8 40. Bxe6+ Qxe6 41. Qg4 Qxg4 42. fxg4 Kf8 43. Nd7+ Ke7 44. Nxc5 Kd8 45. Ne4 Kc8 46. Nd6+ Kc7 47. Nb5+ Kb6 48. Nc7 Rxa7 49. Rxa7 Kxa7 50. Ne6 Kb7 51. Nxg7 Kc6 52. Nh5 Kd7 53. Bxh6 Ke6 54. g5 Kf7 55. Kf3 Kg6 56. Kg4 Kh7 57. Nf4 Kg8 58. Bf8 Kh8 59. Kf5 Kg8 60. Kf6 Kxf8 61. g6 Kg8 62. Nh5 Kh8 63. Ke7 Kg8 64. Nf6+ Kg7 65. d4 Kxg6 66. d5 Kf5 67. d6 Ke5 68. d7 Kf5 69. d8Q Kf4 70. Qd4+ Kg5 71. Qe5+ Kg6 72. Ng4 1-0

[Event "Chess.com Bullet op2"]
[Site "Chess.com INT"]
[Date "2020.12.19"]
[Round "2"]
[White "Kazmaier, Daniel"]
[Black "Can, Isik"]
[Result "0-1"]
[WhiteElo "2171"]
[BlackElo "2380"]
[PlyCount "98"]
[EventDate "2020.12.19"]
[EventType "swiss (blitz)"]
[EventRounds "21"]
[EventCountry "USA"]
[SourceTitle "EXT 2022"]
[Source "ChessBase"]
[SourceDate "2021.10.06"]
[SourceVersion "1"]
[SourceVersionDate "2021.10.06"]
[SourceQuality "1"]

1. b3 c6 2. Bb2 d5 3. e3 Nf6 4. Nf3 g6 5. d4 Bg7 6. Be2 0-0 7. 0-0 Bg4 8. Nbd2 Nbd7 9. h3 Bxf3 10. Nxf3 e6 11. c4 Ne4 12. Bd3 f5 13. Ne1 Bh6 14. f4 Qh4 15. Nf3 Qe7 16. Qe1 Rae8 17. Qh4 Qxh4 18. Nxh4 Bg7 19. Nf3 Nec5 20. Bc2 Ne4 21. Bxe4 fxe4 22. Nd2 c5 23. Rae1 cxd4 24. exd4 Nc5 25. dxc5 Bxb2 26. cxd5 exd5 27. b4 Bc3 28. Re2 Bxb4 29. Rc1 e3 30. Nb3 Rxf4 31. Rd1 d4 32. Rxd4 Rxd4 33. Nxd4 Bxc5 34. Nc2 Bb6 35. Kh2 Rd8 36. Kg3 Rd2 37. Kf3 Rxe2 38. Kxe2 Kf7 39. Nxe3 Bxe3 40. Kxe3 Ke6 41. Kd4 Kf5 42. Ke3 Ke5 43. g4 g5 44. Kd3 Kf4 45. Kd4 Kg3 46. Ke5 Kxh3 47. Kf6 Kh4 48. Kf5 a5 49. a3 a4 0-1

[Event "Chess.com Bullet op2"]
[Site "Chess.com INT"]
[Date "2020.12.19"]
[Round "4"]
[White "Kazmaier, Daniel"]
[Black "Lodici, Lorenzo"]
[Result "0-1"]
[WhiteElo "2171"]
[BlackElo "2483"]
[PlyCount "52"]
[EventDate "2020.12.19"]
[EventType "swiss (blitz)"]
[EventRounds "21"]
[EventCountry "USA"]
[SourceTitle "EXT 2022"]
[Source "ChessBase"]
[SourceDate "2021.10.06"]
[SourceVersion "1"]
[SourceVersionDate "2021.10.06"]
[SourceQuality "1"]

1. b3 e5 2. Bb2 Nc6 3. e3 d5 4. d4 e4 5. c4 Nf6 6. Nc3 Ne7 7. Nge2 c6 8. h3 Nf5 9. Nf4 Bb4 10. a3 Bxc3+ 11. Bxc3 0-0 12. Be2 Re8 13. Qc2 Bd7 14. Nh5 Nxh5 15. Bxh5 b5 16. cxd5 cxd5 17. Bb4 Rc8 18. Bc5 a5 19. Qd2 Nh4 20. g3 Nf3+ 21. Bxf3 exf3 22. Qd1 Qf6 23. Qd2 Rxc5 24. Qxa5 Rc2 25. Kf1 Rec8 26. Qa7 Rc1+ 0-1

[Event "Chess.com Bullet op2"]
[Site "Chess.com INT"]
[Date "2020.12.19"]
[Round "5"]
[White "Skuhala, Barbara"]
[Black "Kazmaier, Daniel"]
[Result "1-0"]
[WhiteElo "2077"]
[BlackElo "2171"]
[PlyCount "97"]
[EventDate "2020.12.19"]
[EventType "swiss (blitz)"]
[EventRounds "21"]
[EventCountry "USA"]
[SourceTitle "EXT 2022"]
[Source "ChessBase"]
[SourceDate "2021.10.06"]
[SourceVersion "1"]
[SourceVersionDate "2021.10.06"]
[SourceQuality "1"]

1. e4 d6 2. Nf3 Nf6 3. c3 Nxe4 4. d3 Nf6 5. Be2 g6 6. 0-0 Bg7 7. d4 0-0 8. Be3 c6 9. Qd2 Nbd7 10. Bh6 Qc7 11. Bxg7 Kxg7 12. Re1 e5 13. Na3 e4 14. Ng5 d5 15. Nh3 h6 16. Nc2 Rd8 17. f3 Re8 18. fxe4 Nxe4 19. Qd1 Ndf6 20. Bd3 Bf5 21. Ne3 Qd7 22. Nxf5+ Qxf5 23. Rf1 Qh5 24. Nf4 Qxd1 25. Raxd1 g5 26. Ne2 Ng4 27. Rf3 Nd6 28. Rdf1 h5 29. h3 Nh6 30. Ng3 Ne4 31. Nxh5+ Kf8 32. Bxe4 Rxe4 33. Rf6 Ng8 34. Rxf7+ Ke8 35. Rf8+ Kd7 36. Rxa8 Ne7 37. Rxa7 Kc7 38. Nf6 Re2 39. Ne8+ Kb6 40. Ra3 Ng6 41. Rb3+ Ka7 42. Nd6 Re7 43. Rf6 Nf4 44. Rf8 Ne2+ 45. Kh2 Rd7 46. Nc8+ Ka6 47. Nb6 Rd8 48. Rxd8 Nxd4 49. Ra8# 1-0

[Event "Titled Tuesday intern op 21st April"]
[Site "Chess.com INT"]
[Date "2020.04.21"]
[Round "5"]
[White "Huda, Maryana"]
[Black "Kazmaier, Daniel"]
[Result "0-1"]
[WhiteElo "2128"]
[BlackElo "2171"]
[PlyCount "74"]
[EventDate "2020.04.21"]
[EventType "swiss (blitz)"]
[EventRounds "10"]
[EventCountry "USA"]
[SourceTitle "EXT 2021"]
[Source "ChessBase"]
[SourceDate "2020.10.23"]
[SourceVersion "1"]
[SourceVersionDate "2020.10.23"]
[SourceQuality "1"]

1. e4 e6 2. d3 d5 3. Nd2 Nf6 4. Qe2 Nc6 5. Ngf3 dxe4 6. dxe4 Bc5 7. Nb3 Bb6 8. Be3 e5 9. h3 0-0 10. g4 Qe7 11. c3 Be6 12. Ng5 Bd7 13. Bg2 Rfe8 14. 0-0 Rad8 15. Kh1 Bxe3 16. Qxe3 Bxg4 17. f4 exf4 18. Rxf4 Bh5 19. Qg1 Bg6 20. Raf1 Nh5 21. Rg4 Ne5 22. Bf3 Nxg4 23. Qxg4 Qd7 24. Qg2 Nf4 25. Qg3 Ne6 26. h4 Nxg5 27. hxg5 Qd6 28. Qg2 Re5 29. Nd4 Qe7 30. Nf5 Bxf5 31. exf5 Re1 32. Rg1 Rxg1+ 33. Qxg1 Rd3 34. Qg2 Qe1+ 35. Kh2 Qe5+ 36. Kh3 Qxf5+ 37. Qg4 Rxf3+ 0-1

[Event "Titled Tuesday intern op 14th April"]
[Site "Chess.com INT"]
[Date "2020.04.14"]
[Round "1"]
[White "Kazmaier, Daniel"]
[Black "Atabayev, Saparmyrat"]
[Result "1/2-1/2"]
[WhiteElo "2171"]
[BlackElo "2425"]
[PlyCount "135"]
[EventDate "2020.04.14"]
[EventType "swiss (blitz)"]
[EventRounds "10"]
[EventCountry "USA"]
[SourceTitle "EXT 2021"]
[Source "ChessBase"]
[SourceDate "2020.10.23"]
[SourceVersion "1"]
[SourceVersionDate "2020.10.23"]
[SourceQuality "1"]

1. d4 Nf6 2. Nf3 d5 3. Bg5 Ne4 4. Bf4 c5 5. e3 Qb6 6. Qc1 Nc6 7. c3 Bf5 8. Nbd2 e6 9. a3 Be7 10. b4 cxb4 11. cxb4 Nxd2 12. Nxd2 a6 13. Be2 0-0 14. 0-0 Rfc8 15. Qb2 a5 16. b5 a4 17. Rac1 Na5 18. Rxc8+ Rxc8 19. Rc1 Qd8 20. b6 Rxc1+ 21. Qxc1 Qxb6 22. Qc8+ Qd8 23. Qc3 Nc6 24. Bb5 Qa5 25. Qxa5 Nxa5 26. Bxa4 Bxa3 27. Bc7 Nc4 28. Nb3 Bd6 29. Bxd6 Nxd6 30. Nc5 Kf8 31. Kf1 Ke7 32. Ke1 b6 33. Na6 Bd3 34. Nb4 Bb5 35. Bc2 h6 36. Kd2 Bf1 37. g3 Kd7 38. Kc3 Bb5 39. Bb3 Nc8 40. Bc2 Ne7 41. Bb1 Nc6 42. Nxc6 Bxc6 43. Kb4 f6 44. Bd3 e5 45. Bf5+ Kd6 46. Bd3 Bd7 47. Ba6 exd4 48. exd4 Ke6 49. Bd3 g5 50. Bc2 Bc6 51. Bd3 Be8 52. Bc2 Bd7 53. Bd3 Kf7 54. Bc2 h5 55. Bd3 h4 56. Bc2 f5 57. Bd3 f4 58. Bc2 Kf6 59. Bd3 fxg3 60. fxg3 Bf5 61. Be2 Bd7 62. Bd3 Be8 63. Bc2 Bg6 64. Bd1 Kf5 65. Bc2+ Kf6 66. Bd1 Be8 67. Bc2 Bd7 68. Bd3 1/2-1/2

[Event "Alberta-ch"]
[Site "Calgary"]
[Date "2017.04.14"]
[Round "1"]
[White "Kazmaier, Daniel"]
[Black "Ng, Gary"]
[Result "0-1"]
[WhiteElo "2215"]
[BlackElo "2235"]
[PlyCount "100"]
[EventDate "2017.04.14"]
[EventType "tourn"]
[EventRounds "5"]
[EventCountry "CAN"]
[SourceTitle "EXT 2019"]
[Source "ChessBase"]
[SourceDate "2018.10.10"]
[SourceVersion "1"]
[SourceVersionDate "2018.10.10"]
[SourceQuality "1"]

1. d4 Nf6 2. Nf3 e6 3. c4 b6 4. g3 Ba6 5. Qc2 c5 6. Bg2 Bb7 7. 0-0 Nc6 8. Rd1 Nb4 9. Qb3 Be4 10. Na3 Be7 11. Bd2 0-0 12. Ne5 Bxg2 13. Kxg2 Qb8 14. Bxb4 cxb4 15. Nc2 a5 16. Qa4 Rc8 17. Ne3 Qb7+ 18. f3 d6 19. Nd3 d5 20. b3 Qa6 21. Ne5 Rc7 22. Rac1 Rac8 23. Rc2 Ne8 24. Rdc1 Nd6 25. Kf2 Bg5 26. f4 Bf6 27. a3 Ne4+ 28. Ke1 Bxe5 29. fxe5 Nc3 30. Rxc3 bxc3 31. Rxc3 Qb7 32. c5 Qc6 33. Qxc6 Rxc6 34. b4 bxc5 35. bxc5 Rb8 36. Nd1 f6 37. exf6 gxf6 38. Kd2 Kf7 39. Rf3 Rc7 40. Nc3 Rcb7 41. Rf1 Rb2+ 42. Kd3 R8b3 43. a4 Ke7 44. g4 Ra2 45. Rf3 Kd7 46. h4 e5 47. Rxf6 e4+ 48. Ke3 Rxc3+ 49. Kf4 Rxe2 50. Rf7+ Ke6 0-1